| 000 | 01462cam a2200373 i 4500 | ||
|---|---|---|---|
| 999 |
_c40787 _d40787 |
||
| 001 | 20606994 | ||
| 003 | OSt | ||
| 005 | 20210206122003.0 | ||
| 008 | 180730s2018 nyuacf b 001 0beng | ||
| 010 | _a 2018953456 | ||
| 020 | _a9780670083886 | ||
| 020 | _z9780385532327 (ebook) | ||
| 040 |
_aDLC _beng _coclc _erda _dDLC |
||
| 042 | _apcc | ||
| 043 | _aa-ii--- | ||
| 050 | 0 | 0 |
_aDS481.G3 _bG825 2018b |
| 082 | 0 | 0 |
_a954.035092 _aB _223 _bGUH/G |
| 100 | 1 |
_aGuha, Ramachandra _eauthor. _9118 |
|
| 245 | 1 | 0 |
_aGandhi : _bThe Years That Changed the World, 1914-1948 / _cRamachandra Guha. |
| 264 | 1 |
_aHaryana: _bPenguin Random House, _c2018. |
|
| 300 |
_a1129p _billustrations, portraits ; |
||
| 336 |
_atext _btxt _2rdacontent |
||
| 337 |
_aunmediated _bn _2rdamedia |
||
| 338 |
_avolume _bnc _2rdacarrier |
||
| 500 | _a"First volume of this biography: Gandhi before India."--Jacket flap. | ||
| 504 | _aIncludes bibliographical references (pages 899-989) and index. | ||
| 600 | 1 | 0 |
_aGandhi, _cMahatma, _d1869-1948. |
| 650 | 0 |
_aStatesmen _zIndia _vBiography. |
|
| 651 | 0 |
_aIndia _xPolitics and government _y1919-1947. |
|
| 700 | 1 |
_aGuha, Ramachandra. _tGandhi before India. _iPreceded by (work): |
|
| 906 |
_a7 _bcbc _corignew _d2 _eepcn _f20 _gy-gencatlg |
||
| 942 |
_2ddc _cBK _h954.035092 _iGUH/G _k954.035092 _mGUH/G |
||